| 000 | 00345nam a2200145Ia 4500 | ||
|---|---|---|---|
| 008 | 230917s9999||||xx |||||||||||||| ||und|| | ||
| 040 |
_e246998 _aMAIN |
||
| 041 | _aEnglish | ||
| 082 | _a345.0773 R164C | ||
| 100 | _aRani | ||
| 245 | 0 | _aCapital punishment: Its relevance in modern period | |
| 260 | _c2016 | ||
| 300 | _a150 p. | ||
| 942 | _cTH | ||
| 999 |
_c127901 _d127901 |
||